Moderné trendy marketingu v podniku diplomová práca

Guardado en:
Detalles Bibliográficos
Autor principal: Mičudová, Jana
Autor Corporativo: Fakulta podnikového manažmentu EU. Katedra podnikovohospodárska
Otros Autores: Majtán, Štefan
Formato: Libro
Lenguaje:eslovaco
Publicado: Bratislava 2017
Etiquetas: Agregar Etiqueta
Sin Etiquetas, Sea el primero en etiquetar este registro!

MARC

LEADER 00000nbm a2200000 4500
001 0232326
005 20171030110615.2
041 0 |a slo 
044 |a SK 
245 1 0 |a Moderné trendy marketingu v podniku  |b diplomová práca  |c Jana Mičudová ; školiteľ: Štefan Majtán 
264 1 |a Bratislava  |c 2017 
300 |a 73 s. 
100 1 |a Mičudová, Jana 
700 1 |a Majtán, Štefan 
710 2 |a Fakulta podnikového manažmentu EU. Katedra podnikovohospodárska